banner koha

Estudo retrospectivo da casuística de felinos domésticos no Hospital Veterinário da Universidade Federal de Minas Gerais, no período de 2005 a 2014 (Registro n. 327970)

MARC details
000 -LÍDER
fixed length control field 04025nab a2200373 i 4500
003 - CÓDIGO MARC DA AGÊNCIA CATALOGADORA
Campo de controle BR-BrBNA
005 - DATA E HORA DA ÚLTIMA ATUALIZAÇÃO
Campo de controle 20241007132405.0
008 - CAMPO DE TAMANHO FIXO
fixed length control field 241007b2018 bl.|r|pooa||| 00| 0 por |
040 ## - FONTE DA CATALOGAÇÃO
Agência catalogadora BR-BrBNA
Idioma da catalogação por
072 ## - CATEGORIA AGRIS
Código AGRIS L70
Código do objeto 5500
072 ## - CATEGORIA AGRIS
Código AGRIS L73
100 ## - ENTRADA PRINCIPAL - NOME PESSOAL
Nome pessoal Lima, P.A.
100 ## - ENTRADA PRINCIPAL - NOME PESSOAL
Nome pessoal Barbieri, J.M.
100 ## - ENTRADA PRINCIPAL - NOME PESSOAL
Nome pessoal Ecco, R.
100 ## - ENTRADA PRINCIPAL - NOME PESSOAL
Nome pessoal Guedes, R.M.C.
100 ## - ENTRADA PRINCIPAL - NOME PESSOAL
Nome pessoal Serakides, R.
100 ## - ENTRADA PRINCIPAL - NOME PESSOAL
Nome pessoal Ocarino, N.M.
100 ## - ENTRADA PRINCIPAL - NOME PESSOAL
Nome pessoal Pierezan, F.
100 ## - ENTRADA PRINCIPAL - NOME PESSOAL
Nome pessoal Santos, R.L.
245 ## - TÍTULO PRINCIPAL
Título principal Estudo retrospectivo da casuística de felinos domésticos no Hospital Veterinário da Universidade Federal de Minas Gerais, no período de 2005 a 2014
500 ## - NOTA GERAL
Nota geral Publicação online; 18 ref.; 4 tables; Summaries (En, Pt)
942 ## - ADDED ENTRY ELEMENTS (KOHA)
Koha item type Analítica
520 ## - NOTA DE RESUMO
Nota de conteúdo <br/><br/>RESUMO - O objetivo deste estudo foi caracterizar as doenças dos gatos domésticos provenientes dos casos de necropsia e histopatologia do Hospital Veterinário da Universidade Federal de Minas Gerais (HV/UFMG), de 2005 a 2014. Foram analisados 408 exames de necropsia e 197 de biópsias, segundo o sexo, a faixa etária e a raça. Os diagnósticos mais frequentes incluíram doenças infecciosas/inflamatórias ou parasitárias (22,5%), agentes físicos (18,1%), doenças proliferativas (15,2%) e degenerativas (13,5%). Politraumatismo (10,8%) foi responsável pelo maior número de mortes em felinos, sendo as chances três vezes maiores em animais com até 24 meses de idade (P=0,005 OR 3,47 [IC 95%: 1,40-8,57]). Neoplasias epiteliais corresponderam a 26 diagnósticos, sendo 20 (4,9%) casos de malignidade. A ocorrência de carcinoma e seus subtipos foi 18 vezes maior em gatos idosos (P<0,01 OR 18,15 [IC 95%: 7,41-44,45]). A insuficiência renal crônica foi mais frequente em gatos com mais de 120 meses (P=0,01). Machos apresentaram nove vezes mais chances de desenvolver doenças do trato urinário inferior quando comparados às fêmeas (P=0,001 OR 9,50 [IC 95%: 2,78-32,48]). Em relação às biópsias, animais adultos a idosos foram 10 vezes mais representados (P<0,001 OR 10,8 [IC 95%: 3,22-36,79]).<br/><br/><br/>Palavras-chave: levantamento, macroscopia, infecciosa, intoxicação, gatos
520 ## - NOTA DE RESUMO
Nota de conteúdo <br/><br/>ABSTRACT - The aim of this study was to characterize the diseases of domestic cats based on necropsy and histopathological examinations at the Veterinary Hospital of the Universidade Federal de Minas Gerais (HV/UFMG) from 2005 to 2014. A total of 408 necropsy and 197 biopsy samples were analyzed according to gender, age, and breed. The most frequent diagnoses included infectious/inflammatory or parasitic diseases (22.5%), physical agents (18.1%), proliferative (15.2%), and degenerative (13.5%) diseases. Polytrauma (10.8%) was responsible for the highest number of feline deaths, with the odds three times higher in animals up to 24 months of age (P= 0.005 OR 3.47 [95% CI: 1.40-.57]). Epithelial neoplasms corresponded to 26 diagnoses, with 20 (4.9%) malignant cases. The occurrence of carcinoma and its subtypes was 18-fold higher in older cats (P< 0.01 OR 18.15 [95% CI: 7.41-44.45]). Chronic renal failure was more frequent in cats over 120 months (P= 0.01). Males were nine times more likely to develop lower urinary tract diseases when compared to females (P= 0.001 OR 9.50 [95% CI: 2.78-32.48]). Regarding the biopsies, adult to elderly animals were ten times more represented (P< 0.001 OR 10.8 [95% CI: 3.22-6.79]).<br/><br/><br/>Keywords: survey, macroscopy, infectious, intoxication, cats
650 ## - ASSUNTO - THESAGRO
Cabeçalho tópico ou nome geográfico GATO
650 ## - ASSUNTO - THESAGRO
Cabeçalho tópico ou nome geográfico DOENÇA ANIMAL
650 ## - ASSUNTO - THESAGRO
Cabeçalho tópico ou nome geográfico COMPORTAMENTO ANIMAL
650 ## - ASSUNTO - THESAGRO
Cabeçalho tópico ou nome geográfico HISTOPATOLOGIA
650 ## - ASSUNTO - THESAGRO
Cabeçalho tópico ou nome geográfico NECRÓPSIA
650 ## - ASSUNTO - THESAGRO
Cabeçalho tópico ou nome geográfico INTOXICAÇÃO
773 0# - ENTRADA ANALÍTICA
Host Biblionumber 1643
Registro do item 344976
Imprenta Belo Horizonte-MG Universidade Federal de Minas Gerais - Escola de Veterinaria 1983
Outro identificador 2024-5389
Título Arquivo Brasileiro de Medicina Veterinária e Zootecnia (Brazil)
ISSN 0102-0935
Colação v. 70(6) p. 1775-1783; (2018)
Número de controle de registro BR2024002802
856 ## - ACESSO E ENDEREÇO ELETRÔNICO
Identificador uniforme de recurso - URI https://www.scielo.br/j/abmvz/a/HxRbq5pzDDjrKXhjnLGwhRn/?format=pdf&lang=pt

Nenhum exemplar disponível.

BINAGRI

Telefone: (61)3218-2567/2388/3357/2097 - binagri@agro.gov.br

Ministério da Agricultura e Pecuária , Esplanada dos Ministérios, Bloco D, Anexo B, Brasília/DF, CEP: 70.043-900